LEADER 01165nam0-22003491i-450- 001 990005484640203316 005 20010829120000.0 035 $a000548464 035 $aUSA01000548464 035 $a(ALEPH)000548464USA01 035 $a000548464 100 $a20010829d1988-------|0itac50------ba 101 $aita 102 $aIT 105 $a|||| ||||| 200 1 $a<> incentivi per lo sviluppo delle attivit produttive nel Mezzogiorno$eguida pratica alla legislazione vigente, le procedure e la modulistica richiesta$fPietro Spirito 210 $aMilano$cPirola$d1988 215 $a241 p.$d24 cm 300 $aSegue: Appendice legislativa 606 $aImprese$xFinanziamenti pubblici$xItalia meridionale$xGuide pratiche$2FI 620 $dMilano 676 $a343.450742$v21 700 1$aSPIRITO,$bPietro$0145497 712 $aPirola 801 $aIT$bSOL$c20120104 912 $a990005484640203316 951 $aDIP.TO SCIENZE ECONOMICHE - (SA)$bDS1999 1E 19990506 959 $aBK 969 $aDISES 979 $c20121027$lUSA01$h1532 996 $aIncentivi per lo sviluppo delle attivit produttive nel Mezzogiorno$91128842 997 $aUNISA LEADER 00826nam--2200265---450 001 9911037079803321 005 20251111095725.0 100 $a20251110d1875----km-y0itay50------ba 101 0 $ager 102 $aDE 105 $aa-------001yy 200 1 $aGrundriss der Eisenhüttenkunde$fvon Bruno Kerl 210 $aLeipzig$cA. Felix$d1875 215 $aXVIII, 468 p.$cill.$d24 cm 610 0 $aSiderurgia 676 $a669.1$v23$zita 700 1$aKerl,$bBruno$05094 801 0$aIT$bUNINA$gREICAT$2UNIMARC 856 4 $zVisualizza la versione elettronica in EROMM$uhttps://archive.org/details/grundrissdereis00kerlgoog/page/n6/mode/2up$e20251110 901 $aBK 912 $a9911037079803321 952 $aM 1 VIII 21$b25617$fNAP14 959 $aNAP14 996 $aGrundriss der Eisenhüttenkunde$94454335 997 $aUNINA